Sanat - "Karjalan Kunnailla" - Suomalainen kansanlaulu - Statistics

Yleistilastot
  • Tätä visaa on pelattu 67 kertaa
  • Keskiarvotulos 38 / 60
Vastaustilastot
Vastaus % Oikein
Karjalan
100%
Karjalan
100%
Karjalan
100%
kunnailla
98%
Jo
93%
jo
93%
on
93%
ja
87%
ja
87%
ja
87%
ja
87%
ja
87%
ja
87%
ja
87%
ja
87%
kevät
87%
käki
84%
koivikot
84%
kukkuu
84%
puu
82%
Siell
82%
tuuhettuu
82%
mun
80%
siellä
80%
pohjaton
78%
sinne
78%
vie
76%
kaiho
73%
lehtii
69%
69%
tunnen
60%
vaaras
60%
näin
53%
yös
51%
uinuvat
49%
kauniin
47%
vuoristovyös
47%
eessä
44%
metsien
44%
metsien
44%
päin
42%
paljain
40%
suut
40%
synkkäin
40%
usein
40%
vuonojes
40%
aarniopuut
38%
missä
38%
sauhut
38%
kaskies
33%
läpi
33%
minä
33%
seisoin
33%
siintävät
33%
vaaroilla
33%
matkani
31%
salmes
31%
kulki
27%
määrätöin
24%
näreikköin
22%
Ehtoja vastaavia visoja ei löytynyt
Tulosjakauma
Jokaisen tuloksen saaneiden osuus
Persentiili vastausten määrän mukaan
Tuloshistoriasi
Et ole pelannut tätä visaa